CHILD PHONOLOGY (Record no. 17896)

MARC details
000 -LEADER
fixed length control field 00244nam a22001217a 4500
003 - CONTROL NUMBER IDENTIFIER
control field SGT
082 ## - DEWEY DECIMAL CLASSIFICATION NUMBER
Classification number 401.9
Item number C80K
100 ## - MAIN ENTRY--PERSONAL NAME
Personal name KOMSHIAN, YENI
245 ## - TITLE STATEMENT
Title CHILD PHONOLOGY
260 ## - PUBLICATION, DISTRIBUTION, ETC. (IMPRINT)
Name of publisher, distributor, etc ACADEMIC PRESS
Year of Publication 1980
300 ## - PAGE DESCRIPTION
No. of Pages 243
942 ## - ADDED ENTRY ELEMENTS (KOHA)
Source of classification or shelving scheme Dewey Decimal Classification
Koha item type Books
Holdings
Withdrawn status Lost status Source of classification or shelving scheme Damaged status Not for loan Collection code Home library Current library Shelving location Date acquired Vendor Name Cost, normal purchase price SGTU Bill Number Total Checkouts Full call number Accession No. (Barcode) Date last seen Bill Date Koha item type
    Dewey Decimal Classification   Not For Loan MEDICAL SGT Medical Library SGT Medical Library Reference Book 20/04/2019 DELHI BOOK STORE 2000.00 SGTU 137803   401.9 C80K FM11271 20/04/2019 05/04/2019 Books